000 00361nam a2200133Ia 4500
008 230312s9999||||xx |||||||||||||| ||und||
082 _a658.4013
_bGOE-Q
100 _aGoetsch,David.L
245 0 _aQulality Management
300 _a858
546 _aEng.
650 _aManagement
_vTQ approach to Quality Management,Quality and Global Competitiveness
942 _cBK
999 _c532
_d532